000
00267nam a2200109Ia 4500
008
221009s9999 xx 000 0 und d
082
_a
823/HUS
100
_a
Hussain, Intizar
_9
10974
245
0
_a
Short Stories From Pakistan
260
_b
Sahitya Academy
942
_c
BK
999
_c
64853
_d
64853